| 000 | 01703cam a22004934i 4500 | ||
|---|---|---|---|
| 003 | PE-LiUPU | ||
| 005 | 20250731173350.0 | ||
| 008 | 150706s2009 miu rb 000 0 eng d | ||
| 020 | _a97815871401 | ||
| 035 | _a(Sirsi) i97815871401 | ||
| 040 |
_aPE-LiUPU _bspa _cPE-LiUPU _erda |
||
| 049 | _aPRUA | ||
| 082 | 0 | 4 |
_a220.7 _bBTCB _221 |
| 100 | 1 |
_aStubbs, David L., _eautor. |
|
| 245 | 1 | 0 |
_aNumbers / _cDavid L. Stubbs. |
| 264 | 1 |
_aMichigan : _bBrazos, _c2009. |
|
| 300 |
_a269 páginas ; _c24 centímetros. |
||
| 336 |
_atext _2rdacontent |
||
| 337 |
_aunmediated _2rdamedia |
||
| 338 |
_avolume _2rdacarrier |
||
| 490 | 0 | _aBrazos Theological Commentary on the Bible | |
| 504 | _aIncluye bibliografía. | ||
| 505 | 0 | _aIdentity and Organization of God's Holy People -- The Long Journey -- Reorganization of Israel. | |
| 526 | _aSEG42 | ||
| 526 | _aSEG41 | ||
| 526 | _aSEG40 | ||
| 526 | _aSEG39 | ||
| 526 | _aP94 | ||
| 526 | _aP87 | ||
| 526 | _aP86 | ||
| 526 | _aP85 | ||
| 526 | _aP77 | ||
| 526 | _aP76 | ||
| 526 | _aP35 | ||
| 541 | _gW33380520101; | ||
| 630 |
_aBiblia. _pA.T. _pNúmeros _xComentarios. |
||
| 630 |
_aBiblia. _pA.T. _pNúmeros _xTEOLOGIA. |
||
| 910 |
_agl _bjv _clch _d20100217 |
||
| 942 |
_2ddc _cBOOK |
||
| 949 |
_a220.7 BTCB 4 _wDEWEY _c1 _i60989 _lCCODEBUL1 _mBUL _p24.00 _r0 _sY _tBOOK _u2015-7-6 _xTEOLOGIA _zUNKNOWN _0COMPRA _o.STAFF. Colección General |
||
| 994 |
_aC0 _bPEPRU |
||
| 596 | _a1 | ||
| 999 |
_a220.7 BTCB 4 _wDEWEY _c50330 _i60989 _d50330 _e2017-7-26 _f2021-11-9 _g5 _lCCODEBUL1 _mBUL _n2 _p24.00 _q2 _r0 _sY _tBOOK _u2015-7-6 _xTEOLOGIA _zUNKNOWN _0COMPRA _o.STAFF. Colección Teología |
||
| 980 |
_81 _gALBERTO SANCHEZ Responsable de Automatización |
||